000 00424nam a2200157 a 4500
005 20140412111337.0
008 031007s19uu xx 00 eng d
050 _aER
_bAl51
245 _aAll around me /
_cillustrated by Nagamasa Mukai.
260 _aTokyo :
_bFroebel-kan Co., Lt.d,
_c[n.d.]
300 _a10 board pages
440 _aSunny Day Series
650 _aWordbook
650 _aPicture book
999 _c105058
_d105058